Мы не можем молчать. Вып. 22 (Запись № 13541351)
[ простой вид ]
| 000 -МАРКЕР | |
|---|---|
| контрольное поле | 02720nam2a2200313 4500 |
| 001 - ИДЕНТИФИКАТОР ЗАПИСИ | |
| контрольное поле | RU\NLR\BIBL_A\022710903 |
| 005 - ИДЕНТИФИКАТОР ВЕРСИИ | |
| контрольное поле | 20260210143242.0 |
| 010 ## - МЕЖДУНАРОДНЫЙ СТАНДАРТНЫЙ НОМЕР КНИГИ (ISBN) | |
| Номер (ISBN) | 978-5-7281-3563-0 |
| Тираж | 300 |
| 021 ## - НОМЕР ГОСУДАРСТВЕННОЙ РЕГИСТРАЦИИ | |
| Код страны | российская федерация |
| Номер | КН-П-25-074315 |
| Номер Листа государственной регистраци | КН-П-25-7208 |
| 035 ## - ДРУГИЕ СИСТЕМНЫЕ НОМЕРА | |
| Идентификатор записи | (NLR Aleph) 022710903 |
| 100 ## - ДАННЫЕ ОБЩЕЙ ОБРАБОТКИ | |
| Данные общей обработки | 20260128d2025 k y0rusy50 ca |
| 101 0# - ЯЗЫК РЕСУРСА | |
| Язык текста, звукозаписи и т.д. | русский |
| Язык резюме | английский |
| 102 ## - СТРАНА ПУБЛИКАЦИИ ИЛИ ПРОИЗВОДСТВА | |
| Страна публикации | российская федерация |
| 105 ## - ПОЛЕ КОДИРОВАННЫХ ДАННЫХ: ТЕКСТОВЫЕ МАТЕРИАЛЫ, МОНОГРАФИЧЕСКИЕ | |
| Кодированные данные о монографическом текстовом документе | ah z 000yy |
| 200 0# - ЗАГЛАВИЕ И СВЕДЕНИЯ ОБ ОТВЕТСТВЕННОСТИ | |
| Основное заглавие | Вып. 22 |
| Сведения, относящиеся к заглавию | [сборник работ победителей и лауреатов XXIV Международного конкурса работ о Холокосте и доклады участников международных конференций школьников и студентов "Холокост: память и предупреждение", Москва, январь 2025 г.] |
| Первые сведения об ответственности | составители: А. Э. Рунг, С. А. Тиханкина |
| Последующие сведения об ответственности | под редакцией И. А. Альтмана |
| 210 ## - ПУБЛИКАЦИЯ, РАСПРОСТРАНЕНИЕ И ДР. | |
| Место издания, распространения и т.д. | Москва |
| Имя издателя, распространителя и т. д. | РГГУ |
| -- | Центр "Холокост" |
| Дата издания, распространения и т.д. | 2025 |
| 215 ## - ФИЗИЧЕСКАЯ ХАРАКТЕРИСТИКА | |
| Специфическое обозначение материала и объем | 211 с. |
| Другие сведения о физической характеристике | ил., факс., табл. |
| 300 ## - ОБЩИЕ ПРИМЕЧАНИЯ | |
| Текст примечания | Рез. англ. |
| 320 ## - ПРИМЕЧАНИЯ О НАЛИЧИИ В ДОКУМЕНТЕ БИБЛИОГРАФИИ / УКАЗАТЕЛЯ | |
| Текст примечания | Библиогр. в подстроч. примеч. |
| 461 #0 - УРОВЕНЬ НАБОРА | |
| Встроенное поле | 001RU\NLR\BIBL_A\010880571 |
| -- | 2001#$aМы не можем молчать$eшкольники и студенты о Холокосте$e[сборник работ победителей и лауреатов XIV международного конкурса работ о Холокосте "Память о Холокосте – путь к толерантности", 2014]$fсост.: М. В. Гилева, Т. Б. Пасман$g[И. А. Альтман (отв. ред.) и др.]$vВып. 22 |
| Системный номер (АБИС) связанной записи | 10502314 |
| Место публикации | Москва |
| Дата публикации | 2015 |
| Первые сведения об ответственности | сост.: М. В. Гилева, Т. Б. Пасман |
| Имя издателя, распространителя и т.д. | МИК |
| Сведения, относящиеся к заглавию | школьники и студенты о Холокосте : [сборник работ победителей и лауреатов XIV международного конкурса работ о Холокосте "Память о Холокосте – путь к толерантности", 2014] |
| Заглавие | Мы не можем молчать |
| Номер тома | Вып. 22 |
| 702 #1 - ИМЯ ЛИЦА - ВТОРИЧНАЯ ОТВЕТСТВЕННОСТЬ | |
| Начальный элемент ввода | Рунг |
| Часть имени, кроме начального элемента ввода | А. Э. |
| Код отношения | Составитель |
| 711 12 - НАИМЕНОВАНИЕ ОРГАНИЗАЦИИ - АЛЬТЕРНАТИВНАЯ ОТВЕТСТВЕННОСТЬ | |
| Начальный элемент ввода | "Холокост: память и предупреждение", международный конкурс |
| Порядковый номер временной организации и / или порядковый номер ее части | 24 |
| Место проведения временной организации | Москва |
| Дата проведения временной организации | 2025 |
| Системный номер авторитетной/нормативной записи | 2695935 |
| Идентификатор авторитетной/нормативной записи | RU\NLR\AUTH\880638297 |
| 711 12 - НАИМЕНОВАНИЕ ОРГАНИЗАЦИИ - АЛЬТЕРНАТИВНАЯ ОТВЕТСТВЕННОСТЬ | |
| Начальный элемент ввода | "Холокост: память и предупреждение", международная конференция школьников и студентов |
| Место проведения временной организации | Москва |
| Дата проведения временной организации | 2025 |
| Системный номер авторитетной/нормативной записи | 2695934 |
| Идентификатор авторитетной/нормативной записи | RU\NLR\AUTH\880638296 |
| 942 ## - ДОПОЛНИТЕЛЬНЫЕ ЭЛЕМЕНТЫ ЗАПИСИ (АБИС) | |
| Тип экземпляра АБИС | Книга |
| 980 ## - КОЛЛЕКЦИЯ | |
| Название коллекции | Национальная библиография |
Нет доступных экземпляров.